10 najczęściej odwiedzanych krajów przez turystów w 2016 roku - Statystyki

Ogólne statystyki
  • Ten quiz został rozwiązany 53 razy
  • Średni wynik to 8 z 10
Statystyki odpowiedzi
Liczba odwiedzających Państwo % Poprawnych
82,8 mln Hiszpania
98%
79,6 mln Stany Zjednoczone
98%
89,4 mln Francja
96%
62,1 mln Włochy
96%
62,9 mln Chiny
90%
38,8 mln Niemcy
80%
36,3 mln Wielka Brytania
78%
41,4 mln Meksyk
73%
45,8 mln Turcja
71%
38,3 mln Tajlandia
51%
Nie znaleziono quizów pasujących do podanych kryteriów
Rozkład punktacji
Procent ludzi z każdym wynikiem
Percentyl według liczby udzielonych odpowiedzi
Twoja historia wyników
Nie rozwiązałeś tego quizu